| 000 | 01445nmm a2200469 a 4500 | ||
|---|---|---|---|
| 003 | AR-BaBNM | ||
| 005 | 20251128211153.0 | ||
| 008 | 103020s1972 ||||||||||||||000 | spa|| | ||
| 040 | _cAR-BaBNM | ||
| 245 | 1 | 0 | _aRacismo y sociedad |
| 260 |
_aBuenos Aires _bEdiciones de la Flor _c1972 |
||
| 300 | _a468 p. | ||
| 650 | 4 | _aANTROPOLOGIA CULTURAL Y SOCIAL | |
| 650 | 4 | _aRACISMO | |
| 650 | 4 | _aCULTURA | |
| 650 | 4 | _aANTISEMITISMO | |
| 650 | 4 | _aINVESTIGACION CULTURAL | |
| 650 | 4 | _aPSICOLOGIA | |
| 650 | 4 | _aNACIONALISMO | |
| 650 | 4 | _aTOLERANCIA | |
| 651 | 4 | _aEstados Unidos | |
| 651 | 4 | _aAfrica | |
| 653 | _aDIVERSIDAD SOCIOCULTURAL | ||
| 700 | 1 |
_aComarmond, Patrice de _edirector |
|
| 700 | 1 |
_aDuchet, Claude _edirector |
|
| 700 | 1 |
_aBloch, Marc-André _ecolaborador |
|
| 700 | 1 |
_aDurban, Arnaud _ecolaborador |
|
| 700 | 1 |
_aGuillaumin, Colette _ecolaborador |
|
| 700 | 1 |
_aHeld, Jean-Francis _ecolaborador |
|
| 700 | 1 |
_aLacassin, Francis _ecolaborador |
|
| 700 | 1 |
_aVerdes-Leroux, Jeannine _ecolaborador |
|
| 700 | 1 |
_aMisrahi, Robert _ecolaborador |
|
| 700 | 1 |
_aMouillaud, Maurice _ecolaborador |
|
| 700 | 1 |
_aNacht, Marc _ecolaborador |
|
| 700 | 1 |
_aRaabe, Juliette _ecolaborador |
|
| 700 | 1 |
_aRebérioux, Madeleine _ecolaborador |
|
| 700 | 1 |
_aRopars-Wuilleumier, Marie-Claire _ecolaborador |
|
| 700 | 1 |
_aSullerot, Evelyne _ecolaborador |
|
| 700 | 1 |
_aVersins, Pierre _ecolaborador |
|
| 942 | _cBK | ||
| 998 | _cMariana | ||
| 999 |
_c18562 _d18562 |
||